Girls names that begin with E - Statistics

General Stats
  • This quiz has been taken 31 times
  • The average score is 9 of 15
Answer Stats
Hint Answer % Correct
Actress________Stone Emma
97%
Poet________Dickinson Emily
90%
Biblical first woman Eve
90%
__________Brockovich Erin
87%
First Lady Roosevelt Eleanor
83%
____________Thornberry Eliza
80%
Daughter of Anne Boleyn Elizabeth
67%
Heroine of an Isabel Allende novel: _________Luna Eva
60%
Queen of Arrendale, sister of Anna Elsa
57%
Mrs. Bunker Edith
47%
Bart Simpson's teacher Edna
47%
Quasimodo's friend Esmerelda
47%
Jewish queen celebrated at Purim Esther
40%
Tennis player Goolagong Evonne
37%
Harsh mother in Like Water for Chocolate Elena
20%
No matching quizzes found
Score Distribution
Percent of People with Each Score
Percentile by Number Answered
Your Score History
You have not taken this quiz